Tintin questions générales sur les divers albums - Statistiques

Statistiques générales
  • Ce quiz a été pris 44 fois
  • Le résultat moyen est 18 sur 23
Statistiques - réponses
Hint Réponse % Correct
Dans "Tintin en Amérique", dans quel lac Tintin est jeté ? - Huron huron petit patapon - Michigan - Pipicaca Michigan
97%
Dans "L'Oreille cassée", quelle est la particularité du perroquet ? - il parle - il est pompier volontaire - il fait des claquettes il parle
94%
Dans "Le Crabe aux pinces d'or", comment s'appelle le bateau ? - Petichenapan - Tupulemerlan - Karaboudjan - Karaboudjan
91%
Dans "Le Lotus bleu", Tintin enferme Milou par inadvertance dans : son étui à lunettes - son four à micro-ondes - sa malle sa malle
91%
Dans "Le Trésor de Rackham le Rouge" apparaît pour la première fois : Tryphon Tournesol - Violette odorante - Eglantine ici Mirabelle Tryphon Tournesol
89%
Dans "L'étoile mystérieuse", le professeur Calys propose à Tintin : - une sucette à l'anis - un caramel mou - un sucre d'orge un caramel mou
89%
Dans "Le Secret de la Licorne", qu'est-ce qui tombe sur la tête de Haddock ? - du guano - le ciel - une poulie une poulie
89%
Dans "Les 7 Boules de cristal", Tintin croise le général : Minibar - Tetedelar - Alcazar Alcazar
86%
Dans "Tintin au Congo", on voit Milou pour la première fois ; de quelle race est-il ? - Samantha Fox terrier - bearded collie suivi - Red Bull terrier Samantha Fox terrier
86%
Dans "Les Cigares du Pharaon", Philémon Siclone perd : son papyrus - sa mamysuédoise - sa tatatoyo son papyrus
86%
Dans "Le Sceptre d'Ottokar", après être tombé d'un avion, Tintin atterrit sur : une charrette qui contient de la paille - la maison des 3 petits cochons - du fumier une charrette qui contient de la paille
86%
Dans "Tintin au pays de l'or noi"r, avec quel véhicule les Dupont-Dupond roulent ? - une motocrotte - une moissonneuse-batteuse - une jeep une jeep
86%
Dans "L'Ile Noire", Tintin est assommé par : un râteau - une clé à pipe - une baratte (à frites) un rateau
86%
Dans "Le Temple du Soleil", quelle célébrité Tintin rencontre t-il ? - Bourdon - Lama - Bécassine Lama
83%
Dans "L'affaire Tournesol", qui s'installe chez Haddock ? - torche - lanterne - lampion Lampion
77%
Dans "Objectif Lune", comment s'appelle l'ostéologue ? - Docteur Rotule - Docteur Os - Docteur Baker Docteur Rotule
74%
Dans "On a marché sur la Lune", Haddock exerce le métier de : tondeur de draps - allumeur de réverbères - garçon coiffeur garçon coiffeur
71%
Dans "Coke en stock", on rencontre pour la première fois le personnage de : flûte - szut - crotte Szut
71%
Dans "Tintin au Tibet", à quoi jouent les petits moines dans la lamaserie ? - au cerf-volant - au ni oui ni non - à la console au cerf-volant
60%
Dans "Les Bijoux de la Castafiore", qu'y a t-il a réparer dans le château de Moulinsart ? - la cuvette des wc - une marche - la chaise percée une marche
60%
Dans "Tintin et les Picaros", Tintin doit se rendre à : Postdepolis - Fracturducoccis - Tapiocapolis Tapiocapolis
54%
Dans "Vol 714 pour Sydney", Tournesol croit qu'il fait escale à : Poulozeudor - Chandernagor - Meuniétudor Chandernagor
51%
Dans "Tintin et le lac aux requins", Tintin est invité à danser : - la bourrée auvergnate - la carmagnole - la blouchtika la blouchtika
49%
Aucun quiz correspondant
Distribution des résultats
% des personnes avec chaque résultat
Percentile par nombre de réponses
Votre historique - résultats
Vous n’avez pas pris ce quiz